000 00584cam a22002051 4500
001 sa 68006001
003 DLC
005 20260227112513.0
008 711028q19601968ii 00000 eng
010 _asa 68006001 //r84
050 0 _aPN4771
_b.I5
110 2 0 _aIndian Institute of Public Opinion.
245 1 2 _aA report on readership of members of Parliament.
260 1 _aNew Delhi,
_c[196-?]
300 _a36 p.
_c29 cm.
500 _aCover title.
500 _a"For restricted circulation to subscribers."
650 0 _aNewspaper reading.
610 1 0 _aIndia.
_bParliament.
999 _c81052
_d81052